Countries Visiting Bhutan the Most - Statistics

General Stats
  • This quiz has been taken 791 times
  • The average score is 10 of 13
Answer Stats
No.visitors Countries % Correct
9,208 China
99%
56,210 India
99%
7,292 United States
97%
3,124 United Kingdom
92%
1,501 France
88%
4,833 Japan
88%
2,297 Germany
86%
4,177 Thailand
83%
15,202 Bangladesh
82%
1,818 Australia
72%
1,967 Malaysia
59%
3,015 Singapore
50%
10,000 Maldives
17%
No matching quizzes found
Score Distribution
Percent of People with Each Score
Percentile by Number Answered
Your Score History
You have not taken this quiz